| 000 | 00358nam a2200145Ia 4500 | ||
|---|---|---|---|
| 008 | 150201s2011 xx 000 0 und d | ||
| 082 |
_a617.6 _bM2011G |
||
| 100 | _aGUPTA,HEMANT | ||
| 245 | _aMASTERING 3RD YEAR | ||
| 250 | _a3RD | ||
| 260 |
_bJAYPEE MEDICAL PUBLISHER _aDELHI _c2011 |
||
| 300 | _a1-229 | ||
| 650 | _aGENERAL DENTISTRY | ||
| 942 |
_2ddc _cBK _020 |
||
| 999 |
_c4758 _d4758 |
||